00700nam a22001937a 450000500170000001000140001702000100003103500130004103700130005408200110006710000250007824500850010326000580018827000630024630000210030994200250033099900170035595201340037220100812135712.0 aENG-99990 c50.00 aEN-83522 bDBAD/PUB a338.43 aRajeswari, R.911758 aAn analysis of problems faced by knitwear industry in Tirupur /cby R. Rajeswari aCoimbatorebAnnamalayar Educational Publicationc2008 a8/305, Thulasinga Nagar, Valparai PostbCoimbatoree642127 a82p.c20cm (pbk) 2ddccENh338.43mRAJ c41350d41350 001040718NFICaDBADbDBADd2010-08-12eDBAD/PUBg50.00l0o338.43 RAJpEN-83522r2010-08-12 00:00:00t1v50.00w2010-08-12yEN